000 00833nam a2200289Ia 4500
001 13190
003 IT-RoPAU
008 130308s9999 xx 000 0 und d
040 _aIT-RoPAU
040 _cIT-RoPAU
041 _aITALIANO
100 _aCalonghi Luigi
100 _gCodice Aut. SPICS: 8584
245 _aConsiderazioni e spunti per l'utilizzazione di trasmissioni radioscolastiche
245 _bRadio nella Scuola Oggi (La)-Linguaggio Ascolto Utilizzazione
250 _a1a ed.
260 _aTORINO
260 _bERI - Edizioni Rai
260 _c1975 [1° Ed.:1975 - Ed.Ling.Originale:1975]
300 _a"10 p. (prefazione: no ; testo: 10 [pagine: 136-145])"
650 _aEDUCAZIONE ALLA RADIO
650 _eCodice materia Spics: 6912
942 _cBK
957 _71
999 _c57009
_d57009
999 _bSI
999 _g1